| 000 | 01350cad a22002415a 4500 | ||
|---|---|---|---|
| 001 | L157791 | ||
| 002 | |||
| 008 | 130516s2011 xxk 000 0 eng u | ||
| 020 | _a9781842196489 | ||
| 035 | _a(Sirsi) u157791 | ||
| 041 | 0 | _aeng | |
| 110 | 2 |
_aRoyal Institution of Chartered Surveyors _94900 |
|
| 245 | 0 | 0 |
_aRICS real estate agency and brokerage standards (Polish translation) _bRICS guidance note _h[electronic resource] |
| 260 |
_aCoventry _bRICS _c2011 |
||
| 490 | 0 | _aRICS Guidance Note | |
| 490 | 0 | _aRICS Practice Standards, Global | |
| 520 | _aThe RICS Real Estate Agency and Brokerage Standards provide best practice guidance for real estate agents and brokers in all world regions. Their purpose is to ensure that clients receive objective advice, delivered in a professional manner that is consistent with internationally recognised standards. The standards set a framework for best practice in the execution and delivery of real estate agency services, subject to specific local legislative requirements and local market specifics. Effective from 1 July 2011. | ||
| 590 | _aKA | ||
| 651 | 4 | _aInternational | |
| 690 | _aPROPERTY-ACQUISITION AND DISPOSAL OF PROPERTY | ||
| 856 | 4 | 1 |
_uhttps://www.rics.org/Global/RICS%20REABS%20Polish.pdf _zView the guidance note free of charge (member-only content) at www.rics.org |
| 942 | _n0 | ||
| 999 |
_c114969 _d114969 |
||